00508nam a2200181 a 4500001001300000003000900013005001700022008004100039020002300080082002100103100001700124245004500141260005000186300000900236500003500245650002900280700001700309nice12345678IN_TiNIC20260116014626.0070412s2005 dela grp 000 0 eng  a8189526766 c60000a324.245408bBHA1 aBhatt, Umesh aReligious Fundamentalism and Human Right aDelhi bVista International Pub. House c2005 a255p aincludes index and biblioraphy aReligious Fundamentalism1 aBhatt, Umesh